Statistics for Parish Capitals of Jamaica on a Map

Click here to take the quiz!

General Stats

  • This quiz has been taken 6 times
  • The average score is 8 of 14

Answers on the Map

Answers color-coded by a green-red scale on the quiz's map according to % correct below.
 

Answer Stats

Answer% Correct
Kingston
100%
Spanish Town
100%
Mandeville
75%
May Pen
75%
Montego Bay
75%
Saint Ann's Bay
75%
Black River
50%
Falmouth
50%
Lucea
50%
Port Maria
50%
Savanna-la-Mar
50%
Morant Bay
25%
Port Antonio
25%
Half Way Tree
0%

Score Distribution

Percentile by Number Answered

Percent of People with Each Score

Your Score History

You have not taken this quiz